| 000 | 00000nas 2200000za 4500 |
| 001 | 9.837986 |
| 003 | CaOODSP |
| 005 | 20230131145955 |
| 007 | cr ||||||||||| |
| 008 | 170608d20172017oncqr p o||||f0 a0eng|d |
| 040 | |aCaOODSP|beng |
| 043 | |an-cn--- |
| 086 | 1 |aH12-42E-PDF |
| 245 | 00|aProgress report on the Joint Statement of Action to Address the Opioid Crisis in Canada. |
| 264 | 1|a[Ottawa] : |bHealth Canada,|bCanadian Centre on Substance Use and Addiction, |c2017. |
| 310 | |aQuarterly? |
| 362 | 1 |aBegan and ceased with December 2016 to February 2017. |
| 500 | |aIssued also in French under title: Rapport d’étape sur la Déclaration conjointe sur les mesures visant à remédier à la crise des opioïdes au Canada. |
| 692 | 07|2gccst|aDrug addiction |
| 692 | 07|2gccst|aHealth policy |
| 710 | 1 |aCanada. |bHealth Canada. |
| 710 | 2 |aCanadian Centre on Substance Use and Addiction. |
| 775 | 08|tRapport d’étape sur la Déclaration conjointe sur les mesures visant à remédier à la crise des opioïdes au Canada.|w(CaOODSP)9.837990 |